00577nam a2200145 4500008004100000022002300041022002400064050002100088245007300109260009000182300003200272440009100304650002300395650001300418190130b xxu||||| |||| 00| 0 eng d a0035-9203 (Print). a1878-3503 (Online). aRC 960 .T73 2018 aTransactions of the Royal Society of tropical medicine and hygiene/  aLondon :b Royal Society of Tropical Medicine and Hygiene Amsterdam, Elsevier,c2018. a155-205p. :bill. ;c28 cm. a Transactions of the Royal Society of tropical medicine and hygiene vVol. 112 No. 4.  aTropical medicine. aHygiene.